|
|
|
|
| LEADER |
00000cam a2200000 4500 |
| 001 |
vtls012226007 |
| 003 |
SK-MaSNL |
| 005 |
20260302075132.0 |
| 008 |
250414s2023 xo o gr 000 0 slo |
| 015 |
|
|
|a SNBA2023
|
| 020 |
|
|
|a 9788080712587
|q (brožované)
|
| 040 |
|
|
|a SNK
|b slo
|c SNK
|e AACR2
|
| 041 |
1 |
|
|a slo
|h eng
|
| 044 |
|
|
|a xo
|c SK
|
| 072 |
|
7 |
|a 27-1/-2
|x Kresťanská teológia. Dogmatická teológia
|2 konspekt
|
| 080 |
|
|
|a 27-4
|2 2011
|
| 080 |
|
|
|a 2-584
|2 2011
|
| 080 |
|
|
|a 27-184
|2 2011
|
| 080 |
|
|
|a (049)
|2 2011
|
| 100 |
1 |
|
|a White, Ellen G.,
|d 1827-1915
|4 aut
|9 174715
|
| 240 |
1 |
0 |
|a Steps to Christ
|l Slovensky
|
| 245 |
1 |
0 |
|a Cesta ku Kristovi
|c Ellen G. Whiteová ; preklad Augustín Štefanec, Zuzana Vlčeková
|
| 250 |
|
|
|a [6.] upravené vydanie
|
| 264 |
|
1 |
|a Vrútky
|b Advent-Orion
|c 2023
|
| 300 |
|
|
|a 127 strán
|b farebné fotografie
|c 19 cm
|
| 336 |
|
|
|a text
|b txt
|2 rdacontent
|
| 337 |
|
|
|a bez média
|b n
|2 rdamedia
|
| 338 |
|
|
|a zväzok
|b nc
|2 rdacarrier
|
| 500 |
|
|
|a Preložené z angličtiny
|
| 500 |
|
|
|a Poradie vydania podľa NA ISBN
|
| 650 |
0 |
7 |
|a kresťanský život
|2 SNKPH
|9 1808
|
| 650 |
0 |
7 |
|a duchovný život
|2 SNKPH
|9 1807
|
| 650 |
0 |
7 |
|a Boh a človek
|2 SNKPH
|9 1711
|
| 650 |
0 |
7 |
|a Christian life
|2 SNKPHeng
|9 265582
|
| 650 |
0 |
7 |
|a Spiritual life
|2 SNKPHeng
|9 265583
|
| 650 |
0 |
7 |
|a Relations between God and man
|2 SNKPHeng
|9 303193
|
| 655 |
|
7 |
|a rozpravy
|2 SNKPH
|9 70559
|
| 655 |
|
7 |
|a Essays
|2 SNKPHeng
|9 267540
|
| 700 |
1 |
|
|a Štefanec, Augustín
|4 trl
|9 10036
|
| 700 |
1 |
|
|a Vlčeková, Zuzana
|4 trl
|9 563642
|
| 852 |
|
|
|a Slovenská národná knižnica
|
| 919 |
|
|
|a 978-80-8071-258-7
|
| 954 |
|
|
|a duchovná literatúra pôvodná (svetová)
|2 lita
|
| 958 |
|
|
|a NT
|
| 958 |
|
|
|a OP
|
| 968 |
|
|
|b ENG
|
| 999 |
|
|
|c 1168022
|d 1169952
|
| 952 |
|
|
|a SNK
|b SNK
|y PREZ
|7 0
|p 17A1526771
|o snkSD 91465
|i snk2023/5007
|8 0
|0 0
|1 0
|4 0
|d 2023-03-23
|f 1
|l 0
|r 2026-02-24 20:54:19
|w 2026-02-24
|
| 952 |
|
|
|a SNK
|b SNK
|y VYP
|7 0
|p 17A1526783
|o snkSD 91465 D1
|i snk2023/5008
|8 0
|0 0
|1 0
|4 0
|d 2023-03-23
|l 0
|r 2026-02-24 20:54:19
|w 2026-02-24
|